Normal view
MARC view
Entry Personal Name
001 - CONTROL NUMBER
- control field: 11926
003 - CONTROL NUMBER IDENTIFIER
- control field: BD-RjUL
005 - DATE AND TIME OF LATEST TRANSACTION
- control field: 20240227111612.0
008 - FIXED-LENGTH DATA ELEMENTS
- fixed length control field: 240227|| aca||aabn | a|a d
040 ## - CATALOGING SOURCE
- Original cataloging agency: BD-RjUL
- Transcribing agency: BD-RjUL
100 ## - HEADING--PERSONAL NAME
- Personal name: Saksena, Ram Babu;; سکسینہ، رام بابو
670 ## - SOURCE DATA FOUND
- Source citation: Work cat.: (BD-RjUL)83162: Saksena, Ram Babu;; سکسینہ، رام بابو, تاریخ ادب اردو / Tarīk̲h̲-i-adab-i-Urdū /